000 00649nam a2200205Ia 4500
003 GCL
008 140319s9999 xx 000 0 ara d
020 _a061843052
040 _aGCL /
_cGCL
082 0 4 _a833
_bز ع
100 1 _aزوسكيند،باتريك
245 1 0 _aالعطر :
_bقصة قاتل /
_cزوسكيند،باتريك
700 1 _aنبيل الحفار
250 _aالثالثة
260 _aسوريا :
_bدار المدى للثقافة والنشر ،
_c2003
300 _a240 ص ؛
_c22 سم
650 0 4 _aالادب الالمانى المترجم
650 0 4 _aالقصص الالمانية
942 _2ddc
_cBK
999 _c5912
_d5912